Statistics for August 19th: Birthdays

Click here to take the quiz!

General Stats

  • This quiz has been taken 7 times
  • The average score is 5 of 10

Answer Stats

YearClueAnswer% Correct
1946US PresidentBill Clinton
100%
1969Actor on FriendsMatthew Perry
83%
1871Invented the AirplaneOrville Wright
83%
1851Invented Hires Root BeerCharles E. Hires
67%
1883Fashion DesignerCoco Chanel
50%
1919Publisher of ForbesMalcolm Forbes
50%
1986Was on So You Think You Can DanceChristina Perri
17%
16461st Astronomer RoyalJohn Flamsteed
0%
1878President of the PhilippinesManuel L. Quezon
0%
1967CEO of MicrosoftSatya Nadella
0%

Score Distribution

Percentile by Number Answered

Percent of People with Each Score

Your Score History

You have not taken this quiz